000 00706nam a2200181 a 4500
008 110902s2008 ||||||||||||||||| || u
020 _a9781582555553
050 _aRB 113 Pat
110 _aLippincott Williams and Wilkins
245 1 0 _aPathophysiology made incredibly visual!
260 _aPhiladelphia, PA
_bLippincott Williams and Wilkins
_c2008
300 _avi, 250p.: ill.
350 _a0.00
650 0 _aPATHOLOGY
650 0 _aPHYSIOLOGY, PATHOLOGICAL
650 _aPHYSIOLOGY, PATHOLOGICAL--ATLASES
995 _aMEDICAL LIBRARY OPEN ACCESS
_D0.00
_e900683
_FCBU-SCHOOL OF MEDICINE LIBRARY (Ndola)
_H1
_I0.00
_jRB 113 PAT
_M1
_UAVAILABLE
_WOct 17, 2011
_y900683
_ZMedical Library Open Access Collection
999 _c32317
_d32317